Statistics for Tolkien Region Spotlight - Gondor

Click here to take the quiz!

General Stats

  • This quiz has been taken 149 times
    (142 since last reset)
  • The average score is 22 of 50

Answer Stats

Answer% Correct
Minas Tirith
87%
Numenor
87%
Isildur
80%
Denethor II
79%
Minas Morgul
79%
Anduin
77%
Aragorn II Elessar
77%
Osgiliath
76%
Arnor
74%
Faramir
74%
Elendil
73%
Minas Ithil
61%
Umbar
61%
Ered Nimrais
55%
Ithilien
55%
Minas Anor
55%
Tree
55%
Dol Amroth
52%
Anarion
49%
Great Plague
47%
The Argonath
45%
Land of {Stone}
43%
Pelargir
39%
{Ship} Kings
39%
Imrahil
38%
Stone of {Erech}
37%
The Faithful
36%
Stars
35%
Wainriders
33%
Cair Andros
32%
Earnur
32%
Ships
31%
Mount Mindolluin
30%
Stones
30%
Castamir the Usurper
28%
Earnil II
28%
Kings
27%
Kin-strife
27%
Anorien
26%
Lossarnach
26%
Cirion
25%
Lebennin
25%
Mardil Voronwe
23%
Romendacil II
22%
Hyarmendacil I
21%
Meneldil
21%
Three
21%
Hurin of Emyn Arnen
20%
Eldacar
18%
Lamedon
15%

Score Distribution

Percentile by Number Answered

Percent of People with Each Score

Your Score History

You have not taken this quiz since the last reset